Central Library OPAC University of Rajshahi

Managerial accounting in the small company / (Record no. 73688)

MARC details
000 -LEADER
fixed length control field 00870nam a2200289 a 4500
001 - CONTROL NUMBER
control field 73688
003 - CONTROL NUMBER IDENTIFIER
rucl marc code BD-RjUL
005 - DATE AND TIME OF LATEST TRANSACTION
control field 20211209082431.0
008 - FIXED-LENGTH DATA ELEMENTS--GENERAL INFORMATION
fixed length control field 170606s1961 nyua b 001 0 eng d
035 ## - SYSTEM CONTROL NUMBER
System control number (BD-RjUL)
040 ## - CATALOGING SOURCE
Original cataloging agency DLC
Transcribing agency CSU
Modifying agency OCL
-- UKM
-- EQO
-- BD-RjUL
Language of cataloging eng
041 ## - LANGUAGE CODE
Language code of text/sound track or separate title eng
082 ## - DEWEY DECIMAL CLASSIFICATION NUMBER
Classification number 657
Edition number 23
Author mark and year DAM 1961
100 1# - MAIN ENTRY--PERSONAL NAME
Personal name Dale, John D.
9 (RLIN) 218110
245 10 - TITLE STATEMENT
Title Managerial accounting in the small company /
Remainder of title John D Dale
260 ## - PUBLICATION, DISTRIBUTION, ETC. (IMPRINT)
Place of publication, distribution, etc. New York :
Name of publisher, distributor, etc. Reinhold Pub. Corp,
Date of publication, distribution, etc. 1961
300 ## - PHYSICAL DESCRIPTION
Pagination 181 p. :
Illustrations ill. ;
Size 20 cm
490 ## - SERIES STATEMENT
Series statement Reinhold management science series
500 ## - GENERAL NOTE
General note A Reinhold pilot book
504 ## - BIBLIOGRAPHY, ETC. NOTE
Bibliography, etc Includes bibliography
650 #0 - SUBJECT ADDED ENTRY--TOPICAL TERM
Topical term or geographic name as entry element Accounting
9 (RLIN) 218111
Topical term or geographic name as entry element Managerial accounting
9 (RLIN) 218173
Topical term or geographic name as entry element Management
9 (RLIN) 218112
830 #0 - SERIES ADDED ENTRY--UNIFORM TITLE
Uniform title Reinhold management science series
942 ## - ADDED ENTRY ELEMENTS (KOHA)
Source of classification or shelving scheme Dewey Decimal Classification
Koha item type Books
Holdings
Lost status Source of classification or shelving scheme Damaged status Not for loan Collection code Permanent Location Current Location Shelving location Date acquired Source of acquisition Cost, normal purchase price Total Checkouts Full call number Date last seen Copy number Koha item type
  Dewey Decimal Classification   Not For Loan Non-fiction Central Library, University of Rajshahi Central Library, University of Rajshahi Reading Room 02/11/1965 Zeetlinger 40.00   657 DAM 1961 06/06/2017 C-1 Books
  Dewey Decimal Classification     Non-fiction Central Library, University of Rajshahi Central Library, University of Rajshahi   02/11/1965 Zeetlinger 40.00   657 DAM 1961 06/06/2017 C-2 Books
  Dewey Decimal Classification     Non-fiction Central Library, University of Rajshahi Central Library, University of Rajshahi   02/11/1965 Zeetlinger 40.00   657 DAM 1961 06/06/2017 C-3 Books
  Dewey Decimal Classification     Non-fiction Central Library, University of Rajshahi Central Library, University of Rajshahi   02/11/1965 Zeetlinger 40.00   657 DAM 1961 06/06/2017 C-4 Books
  Dewey Decimal Classification     Non-fiction Central Library, University of Rajshahi Central Library, University of Rajshahi   02/11/1965 Zeetlinger 40.00   657 DAM 1961 06/06/2017 C-5 Books
  Dewey Decimal Classification     Non-fiction Central Library, University of Rajshahi Central Library, University of Rajshahi   02/11/1965 Zeetlinger 40.00   657 DAM 1961 06/06/2017 C-6 Books
  Dewey Decimal Classification     Non-fiction Central Library, University of Rajshahi Central Library, University of Rajshahi   02/11/1965 Zeetlinger 40.00   657 DAM 1961 06/06/2017 C-7 Books
  Dewey Decimal Classification     Non-fiction Central Library, University of Rajshahi Central Library, University of Rajshahi   02/11/1965 Zeetlinger 40.00   657 DAM 1961 06/06/2017 C-8 Books
  Dewey Decimal Classification     Non-fiction Central Library, University of Rajshahi Central Library, University of Rajshahi   02/11/1965 Zeetlinger 40.00   657 DAM 1961 06/06/2017 C-9 Books